A szociáldemokrata párt ajánlásait is elfogadta a választási bizottság Megejtették a listasorsolást: 1. Országos egyesült ellenzéki balpárt. 2. Szociáldemokrata párt. 3. Egységes párt.

Elmentve itt :
Bibliográfiai részletek
Dokumentumtípus: Cikk
Megjelent: 1926-12-08
Sorozat:Délmagyarország 2 No. 283
Kulcsszavak:Országgyűlési választás Szeged 1926
Online Access:http://dmarchiv.bibl.u-szeged.hu/46066
LEADER 00600nab a2200145 i 4500
001 delm46066
005 20180927131905.0
008 180927s1926 hu o 0|| hun d
040 |a SZTE Délmagyarország Archívum  |b hun 
041 |a hun 
245 0 2 |a A szociáldemokrata párt ajánlásait is elfogadta a választási bizottság   |h [elektronikus dokumentum] :  |b Megejtették a listasorsolást: 1. Országos egyesült ellenzéki balpárt. 2. Szociáldemokrata párt. 3. Egységes párt. 
260 |c 1926-12-08 
300 |a 1 
490 0 |a Délmagyarország  |v 2 No. 283 
695 |a Országgyűlési választás Szeged 1926